000 01092nam a22003377a 4500
003 CHAP
005 20220329143729.0
008 110427s1997 mx r 00010 spa d
010 _a101048
011 _a102020
020 _a9684066716
035 _a112708
040 _cCHAP
090 _aFolleto 17941
100 1 _aKamen, Betty
_962646
245 1 0 _aGinseng siberiano :
_binvestigación actualizada sobre el legendario tónico oriental
_c/por Betty Kamen
260 _aMéxico, D.F. :
_bPlaneta,
_c1997
300 _a45 p.
534 _pTít. original
_tSiberian Ginseng
_cNew York : Writers House
590 _aBATCH-UPD
_b10
_c20130110
_lUCH01
_h0905
590 _aBATCH-UPD
_b10
_c20130410
_lUCH01
_h0533
590 _aBATCH-UPD
_b10
_c20130914
_lUCH01
_h0744
590 _aCONVERSION
_b10
_c20130109
_lUCH01
_h1356
650 1 4 _aBotánica médica.
_914680
650 1 4 _aGinseng.
_948090
650 1 4 _aMedicina alternativa.
_973914
650 1 4 _aMedicina tradicional.
_973921
901 _aBK
942 _cFOLL
949 _aFolleto 17941
_bBC
_cFOLL
_d33724002254082
_eTS1
_i112708
_sb
999 _c101048
_d101048